000 00494nam a2200169Ia 4500
003 GCL
008 140319s9999 xx 000 0 ara d
040 _aGCL /
_cGCL
082 0 4 _a810.9023
_bم ث
100 1 _aمحسن جابر الموسوى
245 1 0 _aثارت شهرزاد فى السرد العربى الحديث /
_cمحسن جابر الموسوى
300 _a282 ص
490 _a
650 0 4 _aالادب العربى
650 0 4 _aالسرد الادبى
942 _2ddc
_cBK
999 _c41516
_d41516